000 01126nam0a22002651 4500
001 rc\3408038
005 20260406121617.0
021 _aRU
_b[73-84207]
035 _a(NLR Aleph) 007576587
090 _a5462769
_c5462769
100 _a20130115d1973 |||y0rusy50 ca
101 0 _arus
102 _aRU
105 _aa c |||||
200 1 _aРуководящие указания к использованию замыкающих затрат на топливо и электрическую энергию
_fАН СССР. Отд-ние физ.-техн. проблем энергетики
210 _aМосква
_cНаука
_d1973
215 _a54 с., 1 л. табл.
_cсхем.
_d21
320 _aСписок лит.: с. 41 (6 назв.)
606 _aТопливно-энергетический баланс
_xСоставление
_2psbo
712 0 2 _aАН СССР
_bОтделение физико-технических проблем энергетики
_3RU\NLR\AUTH\8814224
_9301611
801 0 _aRU
_bNLR
_gpsbo
801 1 _aRU
_bELAR
_2rusmarc
852 _aNLR
_j73-6/9565
942 _cBOOK
980 _aNB